[Event "WLS-ch 65th"]
[Site "Cardiff"]
[Date "2019.04.20"]
[Round "4"]
[White "Jameson, David"]
[Black "Bullen, Alex"]
[Result "1/2-1/2"]
[WhiteElo "2081"]
[BlackElo "2100"]
[PlyCount "87"]
[EventDate "2019.04.19"]
[EventType "swiss"]
[EventRounds "7"]
[EventCountry "WLS"]
[SourceTitle "CBM 189 Extra"]
[Source "ChessBase"]
[SourceDate "2019.06.03"]
[SourceVersion "1"]
[SourceVersionDate "2019.06.03"]
[SourceQuality "1"]

1. e4 c6 2. d4 g6 3. Nf3 d5 4. Nbd2 Bg7 5. c3 Nh6 6. Bd3 f6 7. 0-0 Nf7 8. Re1 0-0 9. Qb3 Kh8 10. c4 dxc4 11. Bxc4 Nd6 12. Bd3 Nd7 13. Nf1 e5 14. Be3 exd4 15. Bxd4 Ne5 16. Bc2 Qc7 17. Rad1 Re8 18. Nxe5 fxe5 19. Bc5 Nf7 20. Bd3 Ng5 21. Bc4 Be6 22. h4 Bxc4 23. Qxc4 Ne6 24. Bd6 Qb6 25. Rd2 Rad8 26. Red1 Nd4 27. Bc5 Qc7 28. Ng3 Rd7 29. h5 Qd8 30. hxg6 Nf3+ 31. gxf3 Rxd2 32. Rxd2 Qxd2 33. Qf7 Rg8 34. gxh7 Kxh7 35. Be3 Qd1+ 36. Kg2 Rf8 37. Qh5+ Kg8 38. Nf5 Qd7 39. Bxa7 Qf7 40. Qh4 Qg6+ 41. Kf1 Bf6 42. Qh3 Rd8 43. Bc5 Qg5 44. Nh6+ 1/2-1/2

[Event "WLS-ch 65th"]
[Site "Cardiff"]
[Date "2019.04.19"]
[Round "1"]
[White "Van Kemenade, Rudy"]
[Black "Jameson, David"]
[Result "1/2-1/2"]
[WhiteElo "1925"]
[BlackElo "2081"]
[PlyCount "104"]
[EventDate "2019.04.19"]
[EventType "swiss"]
[EventRounds "7"]
[EventCountry "WLS"]
[SourceTitle "CBM 189 Extra"]
[Source "ChessBase"]
[SourceDate "2019.06.03"]
[SourceVersion "1"]
[SourceVersionDate "2019.06.03"]
[SourceQuality "1"]

1. f4 d5 2. Nf3 g6 3. g3 Bg7 4. Bg2 Nf6 5. d3 0-0 6. 0-0 c5 7. c3 Nc6 8. Qe1 d4 9. c4 Ng4 10. h3 Ne3 11. Bxe3 dxe3 12. Nc3 Nd4 13. Nxd4 cxd4 14. Ne4 Qb6 15. Rb1 Bd7 16. g4 f5 17. gxf5 Rxf5 18. b4 Raf8 19. Qh4 Rh5 20. Qxe7 Bxh3 21. Qd6 Bxg2 22. Kxg2 Rhf5 23. Qxb6 axb6 24. c5 Rxf4 25. Rxf4 Rxf4 26. Rf1 Rxf1 27. Kxf1 Bf8 28. a4 bxc5 29. bxc5 Be7 30. a5 Bd8 31. c6 bxc6 32. a6 Bb6 33. Nd6 Kg7 34. Nc8 Bc5 35. a7 Bxa7 36. Nxa7 c5 37. Nb5 Kf6 38. Kg2 Ke5 39. Kf3 h5 40. Na3 g5 41. Nc4+ Kd5 42. Nb6+ Ke5 43. Nd7+ Kd6 44. Nf6 g4+ 45. Kg2 c4 46. dxc4 Kc5 47. Nxh5 Kxc4 48. Nf4 Kc3 49. Kg3 Kd2 50. Kxg4 d3 51. exd3 e2 52. Nxe2 Kxd3 1/2-1/2

[Event "North Wales op 3rd"]
[Site "Llandudno"]
[Date "2018.06.24"]
[Round "5"]
[White "Surtees, Michael"]
[Black "Jameson, David"]
[Result "0-1"]
[WhiteElo "2167"]
[BlackElo "2064"]
[PlyCount "62"]
[EventDate "2018.06.22"]
[EventType "swiss"]
[EventRounds "5"]
[EventCountry "WLS"]
[SourceTitle "EXT 2020"]
[Source "ChessBase"]
[SourceDate "2019.10.17"]
[SourceVersion "1"]
[SourceVersionDate "2019.10.17"]
[SourceQuality "1"]

1. e4 e6 2. a3 d5 3. e5 c5 4. b4 Nc6 5. f4 cxb4 6. axb4 Bxb4 7. c3 Ba5 8. Na3 a6 9. Qg4 g6 10. Qh3 Nge7 11. Nf3 Bd7 12. Bd3 b5 13. Qh6 Qb6 14. Ng5 Qc5 15. Bb2 b4 16. Nb1 bxc3 17. Nxc3 Nb4 18. Bb1 Nf5 19. Bxf5 exf5 20. Kd1 d4 21. Qg7 Rf8 22. Nxh7 dxc3 23. Bxc3 0-0-0 24. e6 Bxe6 25. Rb1 Rxd2+ 26. Bxd2 Qc2+ 27. Ke2 Bc4+ 28. Kf3 Qd3+ 29. Be3 Qe2+ 30. Kg3 Qxe3+ 31. Kh4 Qxf4+ 0-1

[Event "Blackpool op 42nd"]
[Site "Blackpool"]
[Date "2018.03.10"]
[Round "2"]
[White "Gill, Oliver"]
[Black "Jameson, David"]
[Result "0-1"]
[WhiteElo "2129"]
[BlackElo "2033"]
[PlyCount "40"]
[EventDate "2018.03.09"]
[EventType "swiss"]
[EventRounds "5"]
[EventCountry "ENG"]
[SourceTitle "CBM 183 Extra"]
[Source "ChessBase"]
[SourceDate "2018.04.19"]
[SourceVersion "1"]
[SourceVersionDate "2018.04.19"]
[SourceQuality "1"]

1. e4 e5 2. Nf3 Nc6 3. Bb5 a6 4. Bxc6 dxc6 5. 0-0 Be6 6. d4 exd4 7. Qxd4 Qxd4 8. Nxd4 Bc4 9. Re1 0-0-0 10. Be3 f6 11. Nd2 Bf7 12. N2f3 c5 13. Ne2 Bd6 14. Bf4 Bh5 15. e5 Bxf3 16. exd6 Bxe2 17. dxc7 Re8 18. Rad1 Nh6 19. Rd8+ Rxd8 20. cxd8Q+ Rxd8 0-1

[Event "WLS-ch 63rd"]
[Site "Cardiff"]
[Date "2017.04.15"]
[Round "3"]
[White "Saunders, Walter NR"]
[Black "Jameson, David"]
[Result "0-1"]
[WhiteElo "2030"]
[BlackElo "2098"]
[PlyCount "62"]
[EventDate "2017.04.14"]
[EventType "swiss"]
[EventRounds "7"]
[EventCountry "WLS"]
[SourceTitle "CBM 177 Extra"]
[Source "ChessBase"]
[SourceDate "2017.04.27"]
[SourceVersion "1"]
[SourceVersionDate "2017.04.27"]
[SourceQuality "1"]

1. Nf3 d5 2. d4 c5 3. c3 Nc6 4. e3 Nf6 5. Nbd2 Bf5 6. dxc5 a5 7. Bb5 Qc7 8. Nd4 Bd7 9. Nxc6 bxc6 10. Ba4 Qa7 11. Nb3 e5 12. 0-0 Bxc5 13. Nxc5 Qxc5 14. Kh1 0-0 15. f3 Bf5 16. g4 Be6 17. Bc2 Rfd8 18. g5 Nd7 19. Qd3 e4 20. Qd4 Qb5 21. c4 dxc4 22. Qxe4 g6 23. a4 Qxg5 24. Qxc6 Ne5 25. Qb5 Qf6 26. Be4 Bh3 27. Bxa8 Bxf1 28. Qb7 Rd1 29. h3 Qg5 30. Qc8+ Kg7 31. f4 Bg2+ 0-1

[Event "BCF-chT1a 1617 (4NCL)"]
[Site "England"]
[Date "2017.03.04"]
[Round "7.38"]
[White "Kalaiyalahan, Akshaya"]
[Black "Jameson, David"]
[Result "1-0"]
[WhiteElo "2046"]
[BlackElo "2116"]
[PlyCount "39"]
[EventDate "2016.11.19"]
[EventType "team-tourn"]
[EventRounds "7"]
[EventCountry "ENG"]
[SourceTitle "EXT 2018"]
[Source "ChessBase"]
[SourceDate "2017.10.13"]
[SourceVersion "1"]
[SourceVersionDate "2017.10.13"]
[SourceQuality "1"]
[WhiteTeam "Guildford II"]
[BlackTeam "South Wales Dragons"]
[WhiteTeamCountry "ENG"]
[BlackTeamCountry "ENG"]

1. d4 Nf6 2. c4 c5 3. d5 b5 4. cxb5 a6 5. bxa6 e6 6. dxe6 fxe6 7. e4 Nxe4 8. Qh5+ g6 9. Qe5 Nf6 10. Bb5 Be7 11. Nf3 0-0 12. Bh6 Rf7 13. Ng5 Qa5+ 14. Nc3 Ng4 15. Qe4 Rxf2 16. Qxg4 Rxb2 17. Qf3 Kh8 18. 0-0 d5 19. Qf8+ Bxf8 20. Rxf8# 1-0

[Event "WLS-ch 62nd"]
[Site "Cardiff"]
[Date "2016.03.28"]
[Round "7"]
[White "Jameson, David"]
[Black "Heaven, Peter"]
[Result "1-0"]
[WhiteElo "2103"]
[BlackElo "2033"]
[PlyCount "81"]
[EventDate "2016.03.25"]
[EventType "swiss"]
[EventRounds "7"]
[EventCountry "WLS"]
[SourceTitle "CBM 171 Extra"]
[Source "ChessBase"]
[SourceDate "2016.04.26"]
[SourceVersion "1"]
[SourceVersionDate "2016.04.26"]
[SourceQuality "1"]

1. c4 e5 2. Nc3 Nf6 3. g3 d5 4. cxd5 Nxd5 5. Bg2 Nxc3 6. bxc3 Bc5 7. Qa4+ c6 8. Nf3 Nd7 9. 0-0 0-0 10. d4 exd4 11. cxd4 Nb6 12. Qd1 Be7 13. Qc2 Bf6 14. Ba3 Re8 15. e3 Bg4 16. Nd2 Bh5 17. Ne4 Bg6 18. Nxf6+ Qxf6 19. Qb3 Qe6 20. Bc5 h6 21. Qb2 Bd3 22. Rfc1 Bb5 23. Bxb6 axb6 24. a4 Bxa4 25. Qxb6 Qd7 26. Bf1 Bb5 27. Bxb5 Rxa1 28. Rxa1 cxb5 29. Rb1 Rc8 30. Qxb5 Qe6 31. Qxb7 Rc2 32. Qf3 Rd2 33. Kg2 g6 34. h4 Kh7 35. Rb7 Kg7 36. Rc7 h5 37. Rc6 Qe7 38. Rc5 Kh7 39. Re5 Qd7 40. Qe4 Kg7 41. Re7 1-0

[Event "Dyfed op 45th"]
[Site "Fishguard"]
[Date "2016.02.27"]
[Round "4"]
[White "Brown, Thomas"]
[Black "Jameson, David"]
[Result "0-1"]
[WhiteElo "2092"]
[BlackElo "2103"]
[PlyCount "62"]
[EventDate "2016.02.26"]
[EventType "swiss"]
[EventRounds "5"]
[EventCountry "WLS"]
[SourceTitle "EXT 2018"]
[Source "ChessBase"]
[SourceDate "2017.10.13"]
[SourceVersion "1"]
[SourceVersionDate "2017.10.13"]
[SourceQuality "1"]

1. d4 Nf6 2. c4 e6 3. Nc3 Bb4 4. e3 b6 5. Nge2 Bb7 6. a3 Be7 7. Ng3 d5 8. cxd5 Nxd5 9. e4 Nxc3 10. bxc3 0-0 11. Be2 c5 12. 0-0 cxd4 13. cxd4 Nc6 14. Bb2 Bf6 15. e5 Bh4 16. Nh5 Ne7 17. Nf4 Nd5 18. Qd2 Bg5 19. g3 Bxf4 20. gxf4 Qh4 21. Bc1 f6 22. Bf3 fxe5 23. dxe5 Rad8 24. Qa2 g5 25. Rd1 gxf4 26. Rd4 Qh3 27. Qb3 Kh8 28. Bb2 Rg8+ 29. Kh1 Rg6 30. Qd1 Rh6 31. Qg1 Qxf3+ 0-1

[Event "Gibraltar Challengers-B 14th"]
[Site "Caleta"]
[Date "2016.02.03"]
[Round "5"]
[White "Jameson, David"]
[Black "Harding, Timothy David"]
[Result "1-0"]
[WhiteElo "2095"]
[BlackElo "2006"]
[PlyCount "61"]
[EventDate "2016.01.30"]
[EventType "swiss"]
[EventRounds "5"]
[EventCountry "GGB"]
[SourceTitle "CBM 170 Extra"]
[Source "ChessBase"]
[SourceDate "2016.02.25"]
[SourceVersion "1"]
[SourceVersionDate "2016.02.25"]
[SourceQuality "1"]

1. e4 e6 2. d4 d5 3. Nd2 Nf6 4. e5 Nfd7 5. c3 c5 6. Bd3 Nc6 7. Ne2 cxd4 8. cxd4 f6 9. Nf4 Nxd4 10. Qh5+ Ke7 11. exf6+ Nxf6 12. Ng6+ hxg6 13. Qxh8 Kf7 14. 0-0 e5 15. Nb3 Ne6 16. Qh4 Bd6 17. Bg5 Bd7 18. Rad1 Bc6 19. f4 exf4 20. Bxf4 Nxf4 21. Rxf4 Bxf4 22. Qxf4 Qb6+ 23. Kh1 Re8 24. Qg3 Ne4 25. Rf1+ Kg8 26. Bxe4 Rxe4 27. h3 d4 28. Qb8+ Kh7 29. Rf8 g5 30. Rh8+ Kg6 31. Qd6+ 1-0

[Event "Gibraltar Challengers-B 14th"]
[Site "Caleta"]
[Date "2016.02.02"]
[Round "4"]
[White "Lercel, Michal"]
[Black "Jameson, David"]
[Result "1-0"]
[WhiteElo "2245"]
[BlackElo "2095"]
[PlyCount "86"]
[EventDate "2016.01.30"]
[EventType "swiss"]
[EventRounds "5"]
[EventCountry "GGB"]
[SourceTitle "CBM 170 Extra"]
[Source "ChessBase"]
[SourceDate "2016.02.25"]
[SourceVersion "1"]
[SourceVersionDate "2016.02.25"]
[SourceQuality "1"]

1. d4 Nf6 2. c4 e6 3. Nc3 Bb4 4. Qc2 0-0 5. Nf3 d5 6. Bg5 h6 7. Bh4 c5 8. e3 cxd4 9. exd4 Nc6 10. Rd1 b6 11. Bd3 Ba6 12. 0-0 Be7 13. Qa4 Bb7 14. Bb1 g6 15. Rfe1 Kg7 16. Qc2 Nb4 17. Qa4 Bc6 18. Qb3 dxc4 19. Qxc4 Bxf3 20. gxf3 Nbd5 21. Bg3 Rc8 22. Qd3 Qd7 23. Be5 Kh7 24. Kh1 Rg8 25. Ne4 Nh5 26. a3 Rc6 27. Rg1 Bf6 28. Rg4 Qc8 29. Nd6 Qd7 30. Nc4 Qc8 31. Ne3 Rc1 32. Nxd5 exd5 33. Ba2 Rxd1+ 34. Qxd1 Qe6 35. f4 Rc8 36. Qf3 Rc1+ 37. Kg2 Bxe5 38. fxe5 f5 39. exf6 Nxf6 40. Rf4 Kg7 41. Qe3 Qxe3 42. fxe3 Rc2+ 43. Rf2 Rc7 1-0

[Event "Gibraltar Challengers-B 14th"]
[Site "Caleta"]
[Date "2016.01.30"]
[Round "1"]
[White "Jameson, David"]
[Black "Slinger, Tony J"]
[Result "1/2-1/2"]
[WhiteElo "2095"]
[BlackElo "1915"]
[PlyCount "83"]
[EventDate "2016.01.30"]
[EventType "swiss"]
[EventRounds "5"]
[EventCountry "GGB"]
[SourceTitle "CBM 170 Extra"]
[Source "ChessBase"]
[SourceDate "2016.02.25"]
[SourceVersion "1"]
[SourceVersionDate "2016.02.25"]
[SourceQuality "1"]

1. e4 c5 2. c3 Nf6 3. e5 Nd5 4. d4 cxd4 5. Nf3 e6 6. cxd4 Nc6 7. Bc4 d6 8. Qe2 dxe5 9. dxe5 Bb4+ 10. Nbd2 Be7 11. 0-0 Qc7 12. Qe4 Nb6 13. Bd3 Nb4 14. Bb1 Bd7 15. Nd4 Bc6 16. Nxc6 Qxc6 17. Qg4 g6 18. Be4 Qc7 19. Nf3 h5 20. Qg3 Rd8 21. Be3 Nc6 22. Rac1 Nd5 23. Bd2 Qb8 24. a3 h4 25. Qg4 Nxe5 26. Nxe5 Qxe5 27. Bxd5 Qxd5 28. Bc3 Rh5 29. Rfd1 Rg5 30. Qa4+ Qb5 31. Rxd8+ Bxd8 32. Qxb5+ Rxb5 33. Kf1 Rd5 34. Ke2 Kd7 35. Rc2 e5 36. f3 f5 37. Be1 b5 38. Bf2 a5 39. Be3 g5 40. Bc5 g4 41. fxg4 fxg4 42. Be3 1/2-1/2

[Event "London Classic op 7th"]
[Site "London"]
[Date "2015.12.11"]
[Round "9"]
[White "Jameson, David"]
[Black "Haugli, Petter"]
[Result "0-1"]
[WhiteElo "2088"]
[BlackElo "2260"]
[PlyCount "130"]
[EventDate "2015.12.04"]
[EventType "swiss"]
[EventRounds "9"]
[EventCountry "ENG"]
[SourceTitle "CBM 169 Extra"]
[Source "ChessBase"]
[SourceDate "2015.12.18"]
[SourceVersion "1"]
[SourceVersionDate "2015.12.18"]
[SourceQuality "1"]

1. e4 d6 2. d4 Nf6 3. Nc3 e5 4. dxe5 dxe5 5. Qxd8+ Kxd8 6. Bg5 Be6 7. 0-0-0+ Kc8 8. f4 exf4 9. e5 h6 10. Bxf6 gxf6 11. exf6 Nd7 12. Be2 Nxf6 13. Bf3 c6 14. h3 Bc5 15. Nge2 Be3+ 16. Kb1 Kc7 17. Nd4 Bd7 18. Rhf1 Rae8 19. b4 Re5 20. Nb3 Rg8 21. Nc1 Rgg5 22. Nd3 Re8 23. a3 a5 24. Nf2 axb4 25. axb4 Bf5 26. Kb2 Rgg8 27. Rde1 Bd4 28. Rd1 Rd8 29. Nd3 Be3 30. Ne2 Bxd3 31. Rxd3 Rxd3 32. cxd3 Kd6 33. Kb3 Ke5 34. Ra1 Kd6 35. Ra5 Nd5 36. Nc3 Nc7 37. Rh5 Rg6 38. Ne4+ Ke7 39. Ra5 Ne6 40. Ra2 f5 41. Bh5 Rg8 42. Nc5 Bxc5 43. bxc5 Nxc5+ 44. Kc4 Kd6 45. Bf3 b5+ 46. Kc3 Rb8 47. d4 Ne4+ 48. Kd3 Kd5 49. Rc2 b4 50. Rc5+ Kd6 51. Rxf5 Ng5 52. Rf6+ Ke7 53. Rxc6 Nxf3 54. gxf3 b3 55. Rc1 Kd6 56. Ke4 b2 57. Rb1 Rb3 58. h4 Ke6 59. Kxf4 Kd5 60. Kf5 Rb6 61. f4 Kxd4 62. h5 Ke3 63. Ke5 Rb5+ 64. Kf6 Kxf4 65. Kg7 Kg5 0-1

[Event "London Classic op 7th"]
[Site "London"]
[Date "2015.12.10"]
[Round "8"]
[White "Skutta, Bernd"]
[Black "Jameson, David"]
[Result "0-1"]
[WhiteElo "1973"]
[BlackElo "2088"]
[PlyCount "42"]
[EventDate "2015.12.04"]
[EventType "swiss"]
[EventRounds "9"]
[EventCountry "ENG"]
[SourceTitle "CBM 169 Extra"]
[Source "ChessBase"]
[SourceDate "2015.12.18"]
[SourceVersion "1"]
[SourceVersionDate "2015.12.18"]
[SourceQuality "1"]

1. d4 d5 2. Nf3 Nf6 3. c4 c6 4. Qb3 e6 5. g3 Bd6 6. Bg2 Nbd7 7. 0-0 0-0 8. Nc3 Qb6 9. Rd1 Re8 10. Nd2 Bf8 11. e4 Qxd4 12. cxd5 Bc5 13. Rf1 exd5 14. exd5 Re1 15. Nde4 Rxf1+ 16. Kxf1 Nxe4 17. Nxe4 cxd5 18. Be3 Qe5 19. Nxc5 Nxc5 20. Bxc5 b6 21. Re1 Ba6+ 0-1

[Event "BCF-ch rapidplay 29th"]
[Site "Leeds"]
[Date "2015.10.31"]
[Round "2"]
[White "Jameson, David"]
[Black "Surtees, Michael"]
[Result "1/2-1/2"]
[WhiteElo "2088"]
[BlackElo "2132"]
[PlyCount "67"]
[EventDate "2015.10.31"]
[EventType "swiss (rapid)"]
[EventRounds "11"]
[EventCountry "ENG"]
[SourceTitle "CBM 169 Extra"]
[Source "ChessBase"]
[SourceDate "2015.12.18"]
[SourceVersion "1"]
[SourceVersionDate "2015.12.18"]
[SourceQuality "1"]

1. d4 e6 2. e4 d5 3. Nd2 Nf6 4. Bd3 c5 5. e5 Nfd7 6. c3 Nc6 7. Ne2 a5 8. 0-0 a4 9. f4 a3 10. b3 cxd4 11. Nxd4 Nxd4 12. cxd4 Qb6 13. Nf3 Nb8 14. Qe2 Nc6 15. Be3 Bd7 16. Rfd1 Nb4 17. Rac1 Nxd3 18. Qxd3 Be7 19. Rc2 0-0 20. Rdc1 Rac8 21. Bd2 f6 22. Rxc8 Rxc8 23. Rxc8+ Bxc8 24. Qc3 Bd7 25. Kf2 h6 26. b4 Qa6 27. Bc1 Bb5 28. exf6 Bxf6 29. Qxa3 Qxa3 30. Bxa3 Bc4 31. Ne5 Bxa2 32. b5 Bxe5 33. fxe5 Bc4 34. b6 1/2-1/2